000 00812nam a2200265Ia 4500
003 OSt
005 20220930203517.0
006 a|||||r|||| 00| 0
007 ta
008 220926b |||||||| |||| 00| 0 hin d
024 _a74528
037 _cDissertations
040 _aCRL
_cCRL
_bhin
041 _2hin
_ahin
100 _aArya Virender Kumar
_9565896
110 _aUniversity of Delhi. Faculty of Arts. Department of Sanskrit
245 0 _aPratap Rudra yashobhushan ke natkiya tattva
260 _c1988
300 _a138p.
_ccm.
650 _aSANSKRIT
700 _a Dr. Narayan Shankar Shukla Gu.
_9565897
700 _aUniversity of Delhi. Faculty of Arts. Department of Sanskrit
942 _cDIS
_2CC
999 _c904709
_d904709